Generovanie explicitných zákonov riadenia pomocou metód strojového učenia diploma thesis
Uložené v:
| Hlavný autor: | |
|---|---|
| Médium: | Kniha |
| Jazyk: | English |
| Vydavateľské údaje: |
Bratislava
STU FCHPT
2019
|
| On-line prístup: | View in OPAC |
| Tagy: |
Žiadne tagy, Buďte prvý, kto otaguje tento záznam!
|
MARC
| LEADER | 00000nam a2200000 a 4500 | ||
|---|---|---|---|
| 005 | 20260127134345.0 | ||
| 008 | 190625 2019 xo a 001 0 eng d | ||
| 035 | |a vtls011873673 | ||
| 039 | 9 | |y 201906250921 |z mschk03 | |
| 040 | |a STUSCHK1 |b slo |c STUSCHK1 |e AACR2 | ||
| 100 | 1 | |a Kiš, Karol | |
| 245 | 1 | |a Generovanie explicitných zákonov riadenia pomocou metód strojového učenia |b diploma thesis |c Karol Kiš | |
| 260 | |a Bratislava |b STU FCHPT |c 2019 | ||
| 300 | |a x, 62 p. |b ill. |c 25 cm | ||
| 500 | |a Study programme: Process Control | ||
| 500 | |a Study field: Automation | ||
| 500 | |a Study workplace: Department of Information Engineering and Process Control | ||
| 500 | |a Reg.No.: FCHPT-5414-76954 | ||
| 910 | |a SCHK95 | ||
| 999 | |c 10732 |d 10732 | ||